| 000 | 00456nam a22001697a 4500 | ||
|---|---|---|---|
| 005 | 20251119140827.0 | ||
| 008 | 251119b |||||||| |||| 00| 0 eng d | ||
| 020 | _a13:978-1-305-99998-5 | ||
| 050 | _aQA 154.2.S794 2017 | ||
| 100 | _aSTEWART JAMES | ||
| 245 |
_aPRECALCULUS _bMATHEMATICS FOR CALCULUS |
||
| 260 |
_aAUSTRALIA _bCENGAGE _c2017 |
||
| 300 | _aX,A 83 | ||
| 500 | _aINCLUDES AN INDEX | ||
| 650 | _aMATHEMATICS TEXTBOOKS | ||
| 942 |
_2lcc _cBK |
||
| 999 |
_c216216 _d216216 |
||